| 000 | 00976nam a22002657a 4500 | ||
|---|---|---|---|
| 005 | 20240530110454.0 | ||
| 008 | 150527s2010 ua g b 000 0 ara d | ||
| 017 |
_a7470 _bمصر . دار الكتب المصرية |
||
| 020 | _a9773770990 | ||
| 040 | _aEG-CaGPL | ||
| 082 | 0 | 4 |
_221 _a306\ _bهـ ث |
| 100 | 1 | _aهولوز ، جوان | |
| 245 | 1 | 2 |
_aالثقافات المحلية / _cتاليف جوان هولوز ؛ ترجمة نهلة الدرمللى . |
| 250 | _aط1. | ||
| 260 |
_aالقاهرة : _bمجموعة النيل العربية ، _c2010. |
||
| 300 |
_a279 ص ؛ _c24 سم . |
||
| 650 | 0 | 4 | _aالثقافة المحلية . |
| 650 | 0 | 4 | _aالاعلام و الثقافة المحلية . |
| 650 | 0 | 4 | _aالحركات النسائية . |
| 650 | 0 | 4 | _aالاستهلاك المحلى . |
| 650 | 0 | 4 | _aالاستهلاك . |
| 700 | 0 |
_aنهلة الدرمللى _eمترجم . |
|
| 942 |
_2ddc _cBK |
||
| 999 |
_c61327 _d61327 |
||